Girls Names that start with I - Statistics

General Stats
  • This quiz has been taken 409 times
  • The average score is 7 of 15
Answer Stats
Answer % Correct
Isabel
92%
Isabella
85%
Irene
70%
Ida
63%
Isla
63%
India
59%
Imogen
46%
Isabelle
40%
Ivanna
40%
Irma
39%
Iona
30%
Ileen
27%
Ireland
22%
Isadora
18%
Idina
12%
No matching quizzes found
Score Distribution
Percent of People with Each Score
Percentile by Number Answered
Your Score History
You have not taken this quiz